书目信息 |
| 题名: |
深入浅出IPv6+
|
|
| 作者: | 马红兵 , 唐雄燕 主编 | |
| 分册: | ||
| 出版信息: | 北京 人民邮电出版社 2025.01 |
|
| 页数: | 245页 | |
| 开本: | 23cm | |
| 丛书名: | 深入浅出ICT热点系列 | |
| 单 册: | ||
| 中图分类: | TN915.04 | |
| 科图分类: | ||
| 主题词: | 计算机网络--ji suan ji wang luo--传输控制协议 | |
| 电子资源: | ||
| ISBN: | 978-7-115-64968-3 | |
| 000 | 01505nam 2200313 450 | |
| 001 | 90946 | |
| 005 | 20250816141907.20 | |
| 010 | @a978-7-115-64968-3@dCNY89.80 | |
| 099 | @aCAL 012025019183 | |
| 100 | @a20250306d2025 em y0chiy50 ea | |
| 101 | 0 | @achi |
| 102 | @aCN@b110000 | |
| 105 | @aak a 000yy | |
| 106 | @ar | |
| 200 | 1 | @a深入浅出IPv6+@Ashen ru qian chu IPv6+@f马红兵, 唐雄燕主编 |
| 210 | @a北京@c人民邮电出版社@d2025.01 | |
| 215 | @a245页@c图@d23cm | |
| 225 | 2 | @a深入浅出ICT热点系列@Ashen ru qian chu ICT re dian xi lie |
| 300 | @a工信知识赋能工程 | |
| 314 | @a马红兵, 中国联通科技创新部总经理, 中国联通科协秘书长, 工业和信息化部信息通信科技委常委及移动组成员。唐雄燕, 北京邮电大学博士, 新加坡南洋理工大学博士后, 中国联通研究院副院长、首席科学家, 工业和信息化部信息通信科技委委员。 | |
| 320 | @a有书目 (第243-245页) | |
| 330 | @a本书分为上、下两篇, 全面系统地呈现IPv6的基础知识和技术体系。上篇介绍IPv6基础知识, 首先了解IPv6诞生和发展, 然后分析IPv6报文组成, 接着讲解IPv6路由协议和IPv6部署过渡方案等。下篇介绍IPv6+技术网络创新体系, 涉及IPv6技术概述、IPv6网络编程技术、IPv6服务功能链技术、IPv6随流检测技术、IPv6网络切片技术、IPv6新型多播技术、IPv6感知应用技术、IPv6算力路由技术等内容。 | |
| 410 | 0 | @12001 @a深入浅出ICT热点系列 |
| 606 | 0 | @a计算机网络@Aji suan ji wang luo@x传输控制协议 |
| 690 | @aTN915.04@v5 | |
| 701 | 0 | @a马红兵@Ama hong bing@4主编 |
| 701 | 0 | @a唐雄燕@Atang xiong yan@4主编 |
| 801 | 0 | @aCN@c20250909 |
| 905 | @a河南城建学院图书馆@dTN915.04@eM061@f1 | |
| 深入浅出IPv6+/马红兵, 唐雄燕主编.-北京:人民邮电出版社,2025.01 |
| 245页:图;23cm.-(深入浅出ICT热点系列) |
| 工信知识赋能工程 |
| ISBN 978-7-115-64968-3:CNY89.80 |
| 本书分为上、下两篇, 全面系统地呈现IPv6的基础知识和技术体系。上篇介绍IPv6基础知识, 首先了解IPv6诞生和发展, 然后分析IPv6报文组成, 接着讲解IPv6路由协议和IPv6部署过渡方案等。下篇介绍IPv6+技术网络创新体系, 涉及IPv6技术概述、IPv6网络编程技术、IPv6服务功能链技术、IPv6随流检测技术、IPv6网络切片技术、IPv6新型多播技术、IPv6感知应用技术、IPv6算力路由技术等内容。 |
| ● |
| 相关链接 |
|
|
|
正题名:深入浅出IPv6+
索取号:TN915.04/M061
 
预约/预借
| 序号 | 登录号 | 条形码 | 馆藏地/架位号 | 状态 | 备注 |
| 1 | 1624908 | 216249085 | 自科库301/301自科库 38排3列2层/ [索取号:TN915.04/M061] | 在馆 |